Statistiques concernant Villes de France - Carte Quiz

Cliquez ici pour prendre le quiz!

Statistiques générales

  • Ce quiz a été pris 245 955 fois
  • Le résultat moyen est 13 sur 16

Réponses sur la Carte

Les réponses sont colorées sur une échelle allant du rouge au vert en fonction du pourcentage des utilisateurs qui les ont devinées à leur premier essai. Vous pouvez retrouver ces pourcentages ci-dessous.
Chargement ...
 

Statistiques - réponses

Réponse% Correct
Ajaccio
92%
Nice
88%
Strasbourg
88%
Bordeaux
87%
Paris
86%
Calais
85%
Lyon
85%
Marseille
85%
Toulouse
84%
Brest
82%
Nantes
74%
Rennes
74%
Dijon
73%
Le Havre
73%
Limoges
69%
Tours
55%

Distribution des résultats

Percentile par nombre de réponses

% des personnes avec chaque résultat

Votre développement - résultats

Vous n’avez pas pris ce quiz